[Event "BL 2223 (Women)"]
[Site "Germany"]
[Date "2022.11.13"]
[Round "4.5"]
[White "Zatonskih, Anna"]
[Black "Umpfenbach, Caroline"]
[Result "1-0"]
[WhiteElo "2368"]
[BlackElo "2050"]
[PlyCount "59"]
[EventDate "2022.10.15"]
[EventType "team-tourn"]
[EventRounds "11"]
[EventCountry "GER"]
[SourceTitle "EXT 2024"]
[Source "ChessBase"]
[SourceDate "2023.10.10"]
[SourceVersion "1"]
[SourceVersionDate "2023.10.10"]
[SourceQuality "1"]
[WhiteTeam "Baden-Baden (W)"]
[BlackTeam "Erfurt Medizin (W)"]
[WhiteTeamCountry "GER"]
[BlackTeamCountry "GER"]

1. e4 e6 2. d4 d5 3. e5 c5 4. c3 Ne7 5. Nf3 Nec6 6. Bd3 Be7 7. 0-0 Nd7 8. Re1 Qb6 9. Bc2 h6 10. a3 Nf8 11. Nbd2 cxd4 12. c4 a5 13. h3 Bc5 14. Bd3 Bd7 15. Nb3 dxc4 16. Bxc4 Ng6 17. Nxc5 Qxc5 18. Qe2 Rd8 19. Bd3 Nge7 20. Bd2 Nd5 21. Qe4 Qb6 22. h4 f5 23. exf6 Nxf6 24. Qg6+ Kf8 25. Bc4 Re8 26. Rac1 Re7 27. Bf4 Nd8 28. Be5 Be8 29. Qd3 Bf7 30. Bxd4 1-0

[Event "BL2 Ost 2122 (Women)"]
[Site "Germany"]
[Date "2022.03.20"]
[Round "5.6"]
[White "Oswald, Hannah"]
[Black "Umpfenbach, Caroline"]
[Result "1-0"]
[WhiteElo "1675"]
[BlackElo "2063"]
[PlyCount "79"]
[EventDate "2021.11.27"]
[EventType "team-tourn"]
[EventRounds "7"]
[EventCountry "GER"]
[SourceTitle "EXT 2023"]
[Source "ChessBase"]
[SourceDate "2022.10.05"]
[SourceVersion "1"]
[SourceVersionDate "2022.10.05"]
[SourceQuality "1"]
[WhiteTeam "Leipzig SG (W)"]
[BlackTeam "Medizin Erfurt (W)"]
[WhiteTeamCountry "GER"]
[BlackTeamCountry "GER"]

1. e4 e6 2. d4 d5 3. Nd2 dxe4 4. Nxe4 Bd7 5. Nf3 h6 6. c3 Bc6 7. Ng3 Nd7 8. Bd3 Ngf6 9. 0-0 Bd6 10. Re1 Bxf3 11. Qxf3 0-0 12. Qxb7 Ng4 13. Qf3 Qh4 14. h3 Nxf2 15. Kxf2 f5 16. Kg1 Bxg3 17. Rxe6 f4 18. Qd5 Kh8 19. Qxd7 Bf2+ 20. Kf1 f3 21. gxf3 Qxh3+ 22. Kxf2 Qxf3+ 23. Ke1 Qxd3 24. Re2 Rf6 25. Qd5 Raf8 26. Qg2 Rf3 27. Qh1 R8f6 28. Qg2 Rg6 29. Qh1 Rh3 30. Qa8+ Kh7 31. Qe4 Qg3+ 32. Kd2 Rh4 33. Qe3 Qg4 34. Kc2 Rh1 35. Qe4 Qg1 36. Rd2 Qf1 37. b3 Rh5 38. Bb2 Qa6 39. Rg2 Ra5 40. Rag1 1-0

[Event "BL2 Ost 2122 (Women)"]
[Site "Germany"]
[Date "2022.03.19"]
[Round "4.6"]
[White "Umpfenbach, Caroline"]
[Black "Neumeyer, Hannelore"]
[Result "1-0"]
[WhiteElo "2063"]
[BlackElo "1872"]
[PlyCount "47"]
[EventDate "2021.11.27"]
[EventType "team-tourn"]
[EventRounds "7"]
[EventCountry "GER"]
[SourceTitle "EXT 2023"]
[Source "ChessBase"]
[SourceDate "2022.10.05"]
[SourceVersion "1"]
[SourceVersionDate "2022.10.05"]
[SourceQuality "1"]
[WhiteTeam "Medizin Erfurt (W)"]
[BlackTeam "Leipzig Lindenau (W)"]
[WhiteTeamCountry "GER"]
[BlackTeamCountry "GER"]

1. d4 d5 2. c4 e5 3. Nc3 exd4 4. Qxd4 Nf6 5. cxd5 Nbd7 6. Bg5 Bc5 7. Qh4 Ne5 8. Bxf6 gxf6 9. e3 Bf5 10. Rd1 Qe7 11. Bb5+ Bd7 12. Bxd7+ Nxd7 13. Nf3 0-0-0 14. 0-0 Rdg8 15. Ne4 h5 16. h3 Rh6 17. d6 Bxd6 18. Nxd6+ cxd6 19. Qf4 Rhg6 20. Nh4 Rg5 21. Rxd6 Ne5 22. Rc1+ Nc6 23. Rxf6 Qd7 24. Rxf7 1-0

[Event "BL 1920 (Women)"]
[Site "Germany"]
[Date "2019.09.14"]
[Round "1.6"]
[White "Rosmait, Emily"]
[Black "Umpfenbach, Caroline"]
[Result "1-0"]
[WhiteElo "1893"]
[BlackElo "2083"]
[PlyCount "93"]
[EventDate "2019.09.14"]
[EventType "team-tourn"]
[EventRounds "11"]
[EventCountry "GER"]
[SourceTitle "EXT 2020"]
[Source "ChessBase"]
[SourceDate "2019.10.17"]
[SourceVersion "1"]
[SourceVersionDate "2019.10.17"]
[SourceQuality "1"]
[WhiteTeam "Harksheide (W)"]
[BlackTeam "Erfurt Medizin (W)"]
[WhiteTeamCountry "GER"]
[BlackTeamCountry "GER"]

1. e4 b6 2. d4 e6 3. Nf3 Bb7 4. Bd3 c5 5. c4 cxd4 6. Nxd4 Nc6 7. Nc2 Rc8 8. 0-0 Qh4 9. Nc3 Ne5 10. Qe2 Nf6 11. f3 Bd6 12. f4 Bc5+ 13. Ne3 Nxd3 14. Qxd3 0-0 15. Kh1 Bxe3 16. Bxe3 Ng4 17. Bg1 Rc5 18. Rf3 f5 19. Raf1 fxe4 20. Nxe4 Rcf5 21. Rh3 Bxe4 22. Qxe4 Qe7 23. Bd4 g6 24. Rg3 Nf6 25. Qe3 Nh5 26. Rgf3 Qf7 27. Be5 Ng7 28. c5 bxc5 29. Qxc5 Ne8 30. Qxa7 Qe7 31. a4 R5f7 32. Bc3 Rf5 33. Qd4 Ng7 34. Bb4 Rd5 35. Qxd5 Qxb4 36. Qb3 Qd4 37. Qc2 Rb8 38. b3 Nf5 39. Qd3 Qa7 40. Rd1 d5 41. g4 Ng7 42. f5 gxf5 43. gxf5 Nxf5 44. Rxf5 exf5 45. Qxd5+ Kg7 46. Qe5+ Kg6 47. Rg1+ 1-0

[Event "BL 1718 (Women)"]
[Site "Germany"]
[Date "2018.02.17"]
[Round "8.5"]
[White "Umpfenbach, Caroline"]
[Black "Belenkaya, Dina"]
[Result "0-1"]
[WhiteElo "2119"]
[BlackElo "2346"]
[PlyCount "66"]
[EventDate "2017.10.01"]
[EventType "team-tourn"]
[EventRounds "11"]
[EventCountry "GER"]
[SourceTitle "EXT 2019"]
[Source "ChessBase"]
[SourceDate "2018.10.10"]
[SourceVersion "1"]
[SourceVersionDate "2018.10.10"]
[SourceQuality "1"]
[WhiteTeam "Erfurt Medizin (W)"]
[BlackTeam "Bad Koenigshofen (W)"]
[WhiteTeamCountry "GER"]
[BlackTeamCountry "GER"]

1. d4 d5 2. c4 dxc4 3. Nc3 a6 4. a4 Nc6 5. e3 Na5 6. Nf3 Nf6 7. Ne5 Be6 8. Be2 c5 9. dxc5 Qc7 10. f4 Qxc5 11. 0-0 g6 12. Kh1 Bg7 13. Qe1 0-0 14. Bf3 Nb3 15. Rb1 Qc7 16. Qg3 Rad8 17. e4 Nd4 18. Be3 Nxf3 19. Qxf3 Ne8 20. Ng4 Bxg4 21. Qxg4 Rd3 22. Nd5 Nf6 23. Nxf6+ Bxf6 24. Bg1 Bd4 25. Bxd4 Rxd4 26. f5 Qe5 27. Rbe1 Rd2 28. Re3 Rxb2 29. h4 c3 30. h5 c2 31. fxg6 Rb1 32. gxh7+ Kh8 33. Ree1 Qa1 0-1

[Event "BL 1718 (Women)"]
[Site "Germany"]
[Date "2017.10.01"]
[Round "1.5"]
[White "Umpfenbach, Caroline"]
[Black "Zschischang, Marine"]
[Result "0-1"]
[WhiteElo "2119"]
[BlackElo "2057"]
[PlyCount "96"]
[EventDate "2017.10.01"]
[EventType "team-tourn"]
[EventRounds "11"]
[EventCountry "GER"]
[SourceTitle "EXT 2019"]
[Source "ChessBase"]
[SourceDate "2018.10.10"]
[SourceVersion "1"]
[SourceVersionDate "2018.10.10"]
[SourceQuality "1"]
[WhiteTeam "Erfurt Medizin (W)"]
[BlackTeam "Lehrte (W)"]
[WhiteTeamCountry "GER"]
[BlackTeamCountry "GER"]

1. d4 e6 2. c4 d5 3. Nc3 c6 4. Nf3 dxc4 5. e3 b5 6. a4 Bb4 7. Bd2 a5 8. Ne5 Bxc3 9. bxc3 Nf6 10. Be2 0-0 11. Qb1 Bd7 12. 0-0 Nd5 13. f4 f6 14. Nxd7 Qxd7 15. e4 Nb6 16. axb5 cxb5 17. Be3 Ra6 18. Rd1 Re8 19. Bf3 Na4 20. Qc2 Nc6 21. Bf2 Ne7 22. Be2 Rc8 23. Rdb1 g6 24. Bd1 Kg7 25. Qc1 f5 26. Bxa4 bxa4 27. exf5 exf5 28. Qa3 Nd5 29. g3 Rb6 30. Re1 Rb3 31. Qxa4 Qxa4 32. Rxa4 Nxc3 33. Rxa5 Ne4 34. Be3 Rd3 35. Raa1 Rb8 36. Rac1 Rbb3 37. Bf2 c3 38. Re3 Rxe3 39. Bxe3 Kf7 40. Kg2 Ke6 41. Kf3 Kd5 42. h3 Kc4 43. g4 Kd3 44. Rd1+ Nd2+ 45. Kf2 Rb7 46. gxf5 gxf5 47. Ra1 Re7 48. Bxd2 Kxd2 0-1

[Event "BL 1617 (Women)"]
[Site "Germany"]
[Date "2017.03.26"]
[Round "8.5"]
[White "Brendel, Bergit"]
[Black "Umpfenbach, Caroline"]
[Result "1/2-1/2"]
[WhiteElo "2086"]
[BlackElo "2122"]
[PlyCount "126"]
[EventDate "2016.10.22"]
[EventType "team-tourn"]
[EventRounds "11"]
[EventCountry "GER"]
[SourceTitle "EXT 2018"]
[Source "ChessBase"]
[SourceDate "2017.10.13"]
[SourceVersion "1"]
[SourceVersionDate "2017.10.13"]
[SourceQuality "1"]
[WhiteTeam "Karlsruhe (W)"]
[BlackTeam "Erfurt Medizin (W)"]
[WhiteTeamCountry "GER"]
[BlackTeamCountry "GER"]

1. e4 e6 2. d4 d5 3. Nc3 Nf6 4. e5 Nfd7 5. f4 c5 6. Nf3 Nc6 7. Be3 Be7 8. Qd2 a6 9. dxc5 Nxc5 10. 0-0-0 Rb8 11. Nd4 Nxd4 12. Bxd4 b5 13. Bxc5 Bxc5 14. Ne4 Be7 15. Ng5 Qc7 16. h4 Bd7 17. Bd3 h6 18. Nf3 b4 19. Kb1 a5 20. g4 a4 21. g5 b3 22. cxb3 axb3 23. a3 Qa7 24. gxh6 gxh6 25. Rh2 Bc5 26. Qc3 Be3 27. f5 d4 28. Qe1 exf5 29. Bc4 Be6 30. Qe2 Qc5 31. Bxe6 fxe6 32. Rg2 Rc8 33. Nd2 Qc2+ 34. Ka1 Bxd2 35. Qxd2 Qxd2 36. Rgxd2 Rg8 37. Kb1 Rg4 38. Rxd4 Rc5 39. Rxg4 fxg4 40. Rd3 Rxe5 41. Rxb3 Kd7 42. Rb7+ Kc6 43. Rg7 h5 44. Kc2 Rd5 45. b4 Rf5 46. Rh7 Kb5 47. Rh6 Re5 48. Kd3 Ka4 49. Kd4 Rf5 50. Rxe6 Kxa3 51. Rg6 Kxb4 52. Rg5 Rb5 53. Rg8 Ka5 54. Kc4 Rf5 55. Kd4 Kb6 56. Rg6+ Kc7 57. Ke4 Rb5 58. Kf4 Kd7 59. Ke4 Ke7 60. Kf4 Kf7 61. Rh6 Kg7 62. Ra6 Rb4+ 63. Kg5 Rb5+ 1/2-1/2

[Event "BL 1617 (Women)"]
[Site "Germany"]
[Date "2017.03.05"]
[Round "6.4"]
[White "Jelica, Mara"]
[Black "Umpfenbach, Caroline"]
[Result "1-0"]
[WhiteElo "2099"]
[BlackElo "2122"]
[PlyCount "97"]
[EventDate "2016.10.22"]
[EventType "team-tourn"]
[EventRounds "11"]
[EventCountry "GER"]
[SourceTitle "EXT 2018"]
[Source "ChessBase"]
[SourceDate "2017.10.13"]
[SourceVersion "1"]
[SourceVersionDate "2017.10.13"]
[SourceQuality "1"]
[WhiteTeam "Deizisau (W)"]
[BlackTeam "Erfurt Medizin (W)"]
[WhiteTeamCountry "GER"]
[BlackTeamCountry "GER"]

1. e4 e6 2. d4 d5 3. e5 c5 4. c3 Nc6 5. Nf3 Qc7 6. a3 a5 7. Be2 Rb8 8. a4 Bd7 9. 0-0 Nge7 10. Na3 Na7 11. dxc5 Ng6 12. b4 Nxe5 13. Nd4 Nac6 14. Nab5 Qd8 15. Bf4 Rc8 16. Re1 Be7 17. Nxc6 Nxc6 18. Nd6+ Bxd6 19. Bxd6 axb4 20. cxb4 Nxb4 21. Qd4 f6 22. Qxb4 Bc6 23. Bg4 e5 24. Bxc8 Qxc8 25. Qh4 Qe6 26. Qg3 Kf7 27. a5 d4 28. a6 b5 29. a7 Re8 30. Bb8 Ba8 31. Rab1 Qc6 32. Qf3 e4 33. Qb3+ Kg6 34. Qxb5 Qe6 35. Qb3 Qf5 36. Qg3+ Kf7 37. Bd6 e3 38. fxe3 d3 39. Qf2 Qd5 40. Qd2 Re4 41. h3 Ra4 42. Ra1 Rc4 43. Rec1 Re4 44. Qa2 Rxe3 45. Qxd5+ Bxd5 46. a8Q Bxa8 47. Rxa8 d2 48. Rf1 Re1 49. Ra1 1-0

[Event "BL 1617 (Women)"]
[Site "Germany"]
[Date "2017.01.21"]
[Round "3.5"]
[White "Umpfenbach, Caroline"]
[Black "Specht, Maria"]
[Result "1-0"]
[WhiteElo "2122"]
[BlackElo "1875"]
[PlyCount "95"]
[EventDate "2016.10.22"]
[EventType "team-tourn"]
[EventRounds "11"]
[EventCountry "GER"]
[SourceTitle "EXT 2018"]
[Source "ChessBase"]
[SourceDate "2017.10.13"]
[SourceVersion "1"]
[SourceVersionDate "2017.10.13"]
[SourceQuality "1"]
[WhiteTeam "Erfurt Medizin (W)"]
[BlackTeam "Augsburg (W)"]
[WhiteTeamCountry "GER"]
[BlackTeamCountry "GER"]

1. d4 d5 2. c4 e6 3. Nc3 b6 4. Nf3 Bb7 5. e3 Bd6 6. a3 Ne7 7. Bd2 0-0 8. Rc1 c5 9. cxd5 exd5 10. Nb5 Ba6 11. Nxd6 Qxd6 12. Bxa6 Nxa6 13. 0-0 c4 14. Re1 f5 15. Ne5 b5 16. Qc2 Rf6 17. Rcd1 Rc8 18. Bc3 Rcf8 19. f3 Nc6 20. Re2 Nab8 21. Be1 a5 22. Bg3 Qe6 23. a4 b4 24. Nxc4 dxc4 25. d5 Qe8 26. dxc6 Qxc6 27. Rd4 c3 28. bxc3 Qxc3 29. Qxc3 bxc3 30. Rc4 Rc6 31. Rxc6 Nxc6 32. Rc2 Re8 33. Rxc3 Re6 34. Bc7 Kf7 35. Kf2 Ke7 36. Rc5 g6 37. Bxa5 Kd6 38. Rb5 h5 39. Bc3 Re8 40. h4 Ra8 41. a5 Ra6 42. Kg3 Ra8 43. Kf4 Re8 44. e4 fxe4 45. fxe4 Rf8+ 46. Ke3 Rf7 47. Rg5 Ke7 48. Rxg6 1-0

[Event "BL2 West 1516 (Women)"]
[Site "Germany"]
[Date "2015.09.27"]
[Round "2.4"]
[White "Umpfenbach, Caroline"]
[Black "Aden, Dagmar"]
[Result "1-0"]
[WhiteElo "2123"]
[BlackElo "1880"]
[PlyCount "113"]
[EventDate "2015.09.26"]
[EventType "team-tourn"]
[EventRounds "7"]
[EventCountry "GER"]
[SourceTitle "EXT 2017"]
[Source "ChessBase"]
[SourceDate "2016.10.25"]
[SourceVersion "1"]
[SourceVersionDate "2016.10.25"]
[SourceQuality "1"]
[WhiteTeam "Erfurt Medizin (W)"]
[BlackTeam "Delmenhorst (W)"]
[WhiteTeamCountry "GER"]
[BlackTeamCountry "GER"]

1. d4 d5 2. c4 e6 3. Nc3 Nf6 4. Nf3 c6 5. e3 Nbd7 6. Qc2 Bd6 7. Bd2 0-0 8. a3 a6 9. Be2 e5 10. dxe5 Nxe5 11. cxd5 Nxd5 12. Nxd5 cxd5 13. Bc3 Re8 14. Nxe5 Bxe5 15. Bxe5 Rxe5 16. Qc3 Re6 17. Rd1 Rd6 18. Bf3 Be6 19. 0-0 Rc8 20. Qe5 Qd7 21. Rd4 f6 22. Qg3 Rd8 23. Rfd1 Qb5 24. R1d2 R6d7 25. h4 Qc6 26. Qf4 Qc1+ 27. Kh2 Qc6 28. h5 f5 29. Bd1 Qc7 30. Qxc7 Rxc7 31. Kg3 Kf7 32. f3 Rcd7 33. Kf4 Kf6 34. g4 fxg4 35. fxg4 h6 36. Bc2 Bf7 37. e4 g5+ 38. hxg6 Bxg6 39. e5+ Kg7 40. e6 Re7 41. Bf5 h5 42. Kg5 Be8 43. gxh5 Bc6 44. h6+ Kh8 45. Kf6 Rde8 46. Rg2 Rc7 47. Rg7 Rf8+ 48. Rf7 Rcc8 49. Rg4 Rce8 50. e7 Rxf7+ 51. Kxf7 Rb8 52. Rg7 Be8+ 53. Kf6 b5 54. Be6 Bc6 55. Rf7 Be8 56. Rf8+ Kh7 57. Bf5+ 1-0

[Event "BL2 West 1516 (Women)"]
[Site "Germany"]
[Date "2015.09.26"]
[Round "1.4"]
[White "Schmitz, Carolin"]
[Black "Umpfenbach, Caroline"]
[Result "1/2-1/2"]
[WhiteElo "1814"]
[BlackElo "2123"]
[PlyCount "112"]
[EventDate "2015.09.26"]
[EventType "team-tourn"]
[EventRounds "7"]
[EventCountry "GER"]
[SourceTitle "EXT 2017"]
[Source "ChessBase"]
[SourceDate "2016.10.25"]
[SourceVersion "1"]
[SourceVersionDate "2016.10.25"]
[SourceQuality "1"]
[WhiteTeam "Steinfurt (W)"]
[BlackTeam "Erfurt Medizin (W)"]
[WhiteTeamCountry "GER"]
[BlackTeamCountry "GER"]

1. e4 e6 2. d4 d5 3. exd5 exd5 4. Nf3 Nf6 5. Bd3 Bd6 6. 0-0 0-0 7. Bg5 Bg4 8. Nbd2 c6 9. c3 Nbd7 10. Qc2 h6 11. Bh4 Qc7 12. Bxf6 Nxf6 13. h3 Bxf3 14. Nxf3 Rae8 15. Rae1 a6 16. Qb1 Nh5 17. Rxe8 Rxe8 18. Re1 Re7 19. Rxe7 Qxe7 20. Qe1 Qxe1+ 21. Nxe1 g6 22. g3 Kg7 23. Kg2 Nf6 24. Kf3 Nd7 25. Nc2 Kf6 26. b3 h5 27. c4 Ke6 28. cxd5+ cxd5 29. g4 hxg4+ 30. Kxg4 Be7 31. f4 f5+ 32. Kf3 Nf6 33. Ne1 Nh5 34. Be2 Bf6 35. Ke3 Ng7 36. Nd3 Kd6 37. Nc5 b6 38. Nxa6 Ne6 39. Nb4 Bxd4+ 40. Kf3 Bf6 41. Nd3 Nd4+ 42. Kf2 Nc6 43. Kg3 Nd8 44. h4 Bc3 45. h5 gxh5 46. Bxh5 Ke6 47. Bf3 Nc6 48. a3 Nd4 49. Bd1 Nb5 50. a4 Nd4 51. Kh4 Nc6 52. Be2 Bf6+ 53. Kg3 Be7 54. Bd1 Bd6 55. Nf2 Nb4 56. Be2 Bc5 1/2-1/2

[Event "BL2 Ost 1415 (Women)"]
[Site "Germany"]
[Date "2014.12.14"]
[Round "5.4"]
[White "Umpfenbach, Caroline"]
[Black "Bayarmaa, Battogtokh"]
[Result "1-0"]
[WhiteElo "2118"]
[BlackElo "1616"]
[PlyCount "151"]
[EventDate "2014.09.27"]
[EventType "team-tourn"]
[EventRounds "7"]
[EventCountry "GER"]
[SourceTitle "CBM 166 Extra"]
[Source "ChessBase"]
[SourceDate "2015.06.18"]
[SourceVersion "1"]
[SourceVersionDate "2015.06.18"]
[SourceQuality "1"]
[WhiteTeam "Erfurt Medizin (W)"]
[BlackTeam "Friedberg (W) II"]
[WhiteTeamCountry "GER"]
[BlackTeamCountry "GER"]

1. d4 f5 2. g3 g6 3. Bg2 Nf6 4. Nf3 Bg7 5. 0-0 0-0 6. c4 d6 7. Nc3 e6 8. Re1 Nbd7 9. Qb3 Qe7 10. e4 fxe4 11. Nxe4 Nxe4 12. Rxe4 h6 13. Bd2 b6 14. Rae1 Rf6 15. c5 d5 16. Rxe6 Rxe6 17. Qxd5 Bb7 18. Qxe6+ Qxe6 19. Rxe6 Kf7 20. Re1 Re8 21. c6 Bxc6 22. Rc1 Bxf3 23. Bxf3 c5 24. dxc5 Nxc5 25. b4 Nd3 26. Rc7+ Re7 27. Bd5+ Kf8 28. Rxe7 Kxe7 29. Be4 Ne5 30. f4 Nc4 31. Bc1 Bd4+ 32. Kg2 Kf6 33. Bd3 Nd6 34. b5 Nb7 35. Ba3 Nc5 36. Bxc5 Bxc5 37. Kf3 g5 38. h3 gxf4 39. Kxf4 Bd4 40. g4 Bc3 41. Bc4 Bd4 42. Ke4 Bc5 43. Kd5 Bb4 44. Kc6 Ke7 45. a4 Be1 46. Bd3 Kd8 47. Kd6 Ke8 48. Ke6 Kf8 49. Kf6 Bh4+ 50. Kg6 Bg5 51. Bc4 Bd2 52. h4 Be3 53. g5 hxg5 54. hxg5 Bd4 55. Bd3 Bc3 56. Bf5 Bd4 57. Bg4 Bc3 58. Bh3 Bd4 59. Kf5 Ke7 60. Ke4 Bb2 61. Kd5 Bc1 62. g6 Kf6 63. Bf5 Bh6 64. Bc2 Ke7 65. Kc6 Bg7 66. Kb7 Kd7 67. Kxa7 Kc7 68. a5 Bd4 69. axb6+ Bxb6+ 70. Ka6 Bd4 71. b6+ Kb8 72. Kb5 Kb7 73. Be4+ Kb8 74. Kc6 Bg7 75. Kd6 Bd4 76. Ke6 1-0

[Event "BL2 Ost 1314 (Women)"]
[Site "Germany"]
[Date "2014.03.08"]
[Round "6.5"]
[White "Kindt, Ulrike"]
[Black "Umpfenbach, Caroline"]
[Result "1/2-1/2"]
[WhiteElo "1671"]
[BlackElo "2117"]
[PlyCount "47"]
[EventDate "2013.11.30"]
[EventType "team-tourn"]
[EventRounds "7"]
[EventCountry "GER"]
[SourceTitle "EXT 2018"]
[Source "ChessBase"]
[SourceDate "2017.10.13"]
[SourceVersion "1"]
[SourceVersionDate "2017.10.13"]
[SourceQuality "1"]
[WhiteTeam "Niederwiesa Gruen Weiss (W)"]
[BlackTeam "Erfurt Medizin (W)"]
[WhiteTeamCountry "GER"]
[BlackTeamCountry "GER"]

1. d4 e6 2. c4 b6 3. e4 Bb7 4. d5 Bb4+ 5. Bd2 Bxd2+ 6. Qxd2 d6 7. Nc3 Nd7 8. g3 e5 9. Bg2 Ne7 10. Nge2 0-0 11. 0-0 a5 12. b3 Nc5 13. Rae1 Ng6 14. Nc1 Bc8 15. Nd3 Nxd3 16. Qxd3 Bd7 17. a4 Kh8 18. Ne2 f6 19. h3 f5 20. exf5 Bxf5 21. Qe3 Bd7 22. Kh2 Qe7 23. Be4 Bf5 24. Bxf5 1/2-1/2

[Event "BL2 Ost 1112 (Women)"]
[Site "Germany"]
[Date "2012.02.12"]
[Round "7.4"]
[White "Pfau, Beate"]
[Black "Umpfenbach, Caroline"]
[Result "1-0"]
[WhiteElo "2084"]
[BlackElo "2125"]
[PlyCount "73"]
[EventDate "2011.10.29"]
[EventType "team-tourn"]
[EventRounds "7"]
[EventCountry "GER"]
[SourceTitle "EXT 2013"]
[Source "ChessBase"]
[SourceDate "2012.11.22"]
[SourceVersion "1"]
[SourceVersionDate "2012.11.22"]
[SourceQuality "1"]
[WhiteTeam "Torgelow (W)"]
[BlackTeam "Erfurt Medizin (W)"]
[WhiteTeamCountry "GER"]
[BlackTeamCountry "GER"]

1. c4 e6 2. g3 d5 3. Bg2 Nf6 4. Nf3 Be7 5. 0-0 0-0 6. d4 b6 7. Nc3 Bb7 8. b3 Nbd7 9. Bb2 Rc8 10. Ne5 c6 11. e3 Qc7 12. f4 Ne8 13. cxd5 exd5 14. Rc1 Qd6 15. Qg4 Ndf6 16. Qe2 Nc7 17. Bh3 Rce8 18. Qc2 Na6 19. a3 c5 20. Nb5 Qb8 21. g4 Bc8 22. Qg2 Qb7 23. Rc2 Ne4 24. g5 Nb8 25. Nc3 Nxc3 26. Rxc3 Bxh3 27. Qxh3 f6 28. Qe6+ Kh8 29. Nf7+ Rxf7 30. Qxf7 Rf8 31. Qh5 g6 32. Qh3 cxd4 33. exd4 Nd7 34. Rfc1 Bd6 35. f5 fxg5 36. fxg6 Nf6 37. Rc8 1-0

[Event "BL2 Ost 1112 (Women)"]
[Site "Germany"]
[Date "2011.10.29"]
[Round "1.4"]
[White "Lehmann, Christina"]
[Black "Umpfenbach, Caroline"]
[Result "1-0"]
[WhiteElo "2090"]
[BlackElo "2125"]
[PlyCount "63"]
[EventDate "2011.10.29"]
[EventType "team-tourn"]
[EventRounds "7"]
[EventCountry "GER"]
[SourceTitle "EXT 2013"]
[Source "ChessBase"]
[SourceDate "2012.11.22"]
[SourceVersion "1"]
[SourceVersionDate "2012.11.22"]
[SourceQuality "1"]
[WhiteTeam "Grosslehna (W)"]
[BlackTeam "Erfurt Medizin (W)"]
[WhiteTeamCountry "GER"]
[BlackTeamCountry "GER"]

1. d4 e6 2. c4 f5 3. Nf3 Nf6 4. g3 Bb4+ 5. Bd2 Qe7 6. Bg2 0-0 7. 0-0 Bxd2 8. Nbxd2 d6 9. Qc2 e5 10. e4 f4 11. gxf4 exf4 12. Rae1 Nc6 13. e5 dxe5 14. d5 Nb4 15. Qb3 Na6 16. Rxe5 Qb4 17. a3 Qxb3 18. Nxb3 Bd7 19. Rfe1 Rae8 20. Nfd4 Rxe5 21. Rxe5 b6 22. Nc1 Re8 23. Rxe8+ Nxe8 24. b4 Kf7 25. Nd3 Nb8 26. Nxf4 Nd6 27. Bf1 Ne4 28. Bd3 Nf6 29. Nfe6 c6 30. Nd8+ Ke7 31. N8xc6+ Bxc6 32. dxc6 1-0

[Event "BL2 Mitte 1011 (Women)"]
[Site "Germany"]
[Date "2011.02.20"]
[Round "7.4"]
[White "Krentz, Susann"]
[Black "Umpfenbach, Caroline"]
[Result "1/2-1/2"]
[WhiteElo "1605"]
[BlackElo "2125"]
[PlyCount "53"]
[EventDate "2010.11.06"]
[EventType "team-tourn"]
[EventRounds "7"]
[EventCountry "GER"]
[SourceTitle "EXT 2012"]
[Source "ChessBase"]
[SourceDate "2011.11.24"]
[SourceVersion "1"]
[SourceVersionDate "2011.11.24"]
[SourceQuality "1"]
[WhiteTeam "Chemnitz (W)"]
[BlackTeam "Erfurt Medizin (W)"]
[WhiteTeamCountry "GER"]
[BlackTeamCountry "GER"]

1. c4 e6 2. Nc3 b6 3. Nf3 Bb7 4. d4 f5 5. Bg5 Be7 6. Bxe7 Qxe7 7. e3 Nh6 8. a3 0-0 9. Be2 d6 10. 0-0 Nd7 11. Nd2 c5 12. Bf3 Nf6 13. Bxb7 Qxb7 14. Qf3 Qe7 15. d5 e5 16. Qe2 Rad8 17. Rae1 Nd7 18. f3 Kh8 19. h3 Ng8 20. f4 exf4 21. exf4 Qxe2 22. Nxe2 a6 23. Kf2 b5 24. b3 Nb6 25. Nc3 bxc4 26. bxc4 Nf6 27. Rb1 1/2-1/2

[Event "BL2 Mitte 1011 (Women)"]
[Site "Germany"]
[Date "2010.12.04"]
[Round "3.4"]
[White "Bulmaga, Irina"]
[Black "Umpfenbach, Caroline"]
[Result "1-0"]
[WhiteElo "2267"]
[BlackElo "2125"]
[PlyCount "85"]
[EventDate "2010.11.06"]
[EventType "team-tourn"]
[EventRounds "7"]
[EventCountry "GER"]
[SourceTitle "EXT 2012"]
[Source "ChessBase"]
[SourceDate "2011.11.24"]
[SourceVersion "1"]
[SourceVersionDate "2011.11.24"]
[SourceQuality "1"]
[WhiteTeam "Friedberg (W)"]
[BlackTeam "Erfurt Medizin (W)"]
[WhiteTeamCountry "GER"]
[BlackTeamCountry "GER"]

1. e4 e6 2. d3 d5 3. Qd2 dxe4 4. dxe4 e5 5. c3 a6 6. a4 Bd7 7. Nf3 Bd6 8. Qc2 Nf6 9. Bc4 0-0 10. 0-0 Bc6 11. Nbd2 Nbd7 12. a5 Nc5 13. Re1 Qd7 14. b4 Ne6 15. Nf1 b5 16. axb6 cxb6 17. Ng3 b5 18. Bf1 Qb7 19. Nd2 Rfc8 20. Nb3 Be8 21. Qd3 Qc7 22. Bd2 Bf8 23. Qf3 Bd7 24. Rec1 Qd6 25. Nf5 Qc6 26. Bd3 Nd8 27. Na5 Qb6 28. Be3 Qb8 29. Nb3 Bxf5 30. exf5 Qb7 31. Qxb7 Nxb7 32. f3 h6 33. Kf2 Nd6 34. Nc5 a5 35. bxa5 Nd5 36. Nd7 Rxc3 37. Rxc3 Nxc3 38. Nxf8 Kxf8 39. Bc5 Ke7 40. Bb4 Nd5 41. Bxd6+ Kxd6 42. Be4 Rd8 43. Bxd5 1-0

[Event "BL 0910 (Women)"]
[Site "Germany"]
[Date "2010.03.27"]
[Round "10.5"]
[White "Umpfenbach, Caroline"]
[Black "Timme, Karin"]
[Result "1/2-1/2"]
[WhiteElo "2122"]
[BlackElo "2093"]
[PlyCount "84"]
[EventDate "2009.11.07"]
[EventType "team-tourn"]
[EventRounds "11"]
[EventCountry "GER"]
[SourceTitle "CBM 133 Extra"]
[Source "ChessBase"]
[SourceDate "2010.01.05"]
[SourceVersion "1"]
[SourceVersionDate "2010.01.05"]
[SourceQuality "1"]
[WhiteTeam "Erfurt Medizin (W)"]
[BlackTeam "Torgelow (W)"]
[WhiteTeamCountry "GER"]
[BlackTeamCountry "GER"]

1. d4 d5 2. c4 c6 3. Nc3 Nf6 4. Bg5 e6 5. e3 Nbd7 6. Nf3 Qa5 7. Bxf6 Nxf6 8. a3 Ne4 9. Qb3 Nxc3 10. Qxc3 Qxc3+ 11. bxc3 f6 12. cxd5 exd5 13. Bd3 Kf7 14. Kd2 Bd6 15. Rhb1 Rb8 16. a4 Be6 17. Rb3 b6 18. Rab1 g6 19. h3 Rhe8 20. Ne1 Rbd8 21. Nc2 Bd7 22. Ra1 Re7 23. Be2 f5 24. g3 Kf6 25. h4 h6 26. Rbb1 Rh7 27. Rh1 Re8 28. Nb4 Ra8 29. Nd3 Be6 30. Rab1 Rb8 31. Rb2 Rhh8 32. Rhb1 Ba3 33. Ra2 Bd6 34. Rab2 Bd7 35. Bf3 Be6 36. Be2 g5 37. Rh1 Rbg8 38. hxg5+ hxg5 39. Rbb1 Bd7 40. Bf3 Be8 41. Ra1 Rf8 42. Nb4 Rfg8 1/2-1/2